000 00292 a2200133 4500
001 47938
040 _cAnchieta - Aquarius
100 _aCaeiro, Alberto
240 1 0 _aPoemas Inconjuntos
_lpor
245 1 0 _aPoemas Inconjuntos
300 _a16
650 4 _aLiteratura brasileira
942 _cBK
999 _c47938
_d47938